00536nam a2200157Ia 4500008004100000041001200041082001600053100001500069245004400084260003400128300000800162650001600170942000700186999001500193952017000208221030s9999 xx 000 0 und d aEnglish a105.23bAwa aE. M. Awad 0aSystem Analysis & Designcby E. M. Awad bGalgotia PubaNew Delhic1999 a524 aBE Computer cBK c8539d8539 pBE 733g176.00l0o105.23 Awar2022-10-30 00:00:00w2022-10-30yBK003Print4070aMIETLIBbMIETLIBcBL-Academic Block C, FL-2, CUP-85, SH-4, R-4d1999-12-1010HBE